000 00334nam a2200133Ia 4500
005 20260326235503.0
008 260326s9999||||xx |||||||||||||| ||und||
100 _aBandeira, Manuel
245 0 _aGuia de Ouro Preto /
_cManuel Bandeira
260 _bEdicoes de Ouro
300 _a201 p.
650 _aARQUITECTURA REGIONAL
942 _cBK
999 _c8107
_d8107